000 00288nam a2200109Ia 4500
008 220204s9999 xx 000 0 und d
082 _a330.8
_bSCH
100 _aSCHUMPETER, Joseph A
245 0 _aTen great economists: From Marx to Keynes
260 _aNew York
_bOxford
_c1965
942 _cBK
999 _c20824
_d20824